000 00292nam a22001337a 4500
008 180926b xxu||||| |||| 00| 0 eng d
020 _a9780195169218
041 _aeng
080 _a821
100 _a22
101 _aGJU
245 _aBritish Literature
_cKastan.d.s
942 _2udc
_cBK
999 _c48468
_d48468